[Event "ROM-ch U12"]
[Site "Calimanesti"]
[Date "2014.04.12"]
[Round "8"]
[White "Chirita, Denis Florin"]
[Black "Zapciroiu, Tudor"]
[Result "0-1"]
[WhiteElo "1001"]
[BlackElo "1104"]
[PlyCount "52"]
[EventDate "2014.04.06"]
[EventType "swiss"]
[EventRounds "9"]
[EventCountry "ROU"]
[SourceTitle "CBM 160 Extra"]
[Source "ChessBase"]
[SourceDate "2014.07.01"]
[SourceVersion "1"]
[SourceVersionDate "2014.07.01"]
[SourceQuality "1"]

1. d4 d5 2. c4 e6 3. Nc3 Nf6 4. Bg5 Nbd7 5. Nf3 Be7 6. cxd5 exd5 7. e3 0-0 8. Bd3 g6 9. 0-0 c6 10. Ne5 Bd6 11. Nxd7 Bxd7 12. Qf3 Be7 13. Rae1 Ng4 14. Bf4 Bg5 15. h3 Bxf4 16. exf4 Nf6 17. f5 Qc8 18. Re5 Re8 19. Rxe8+ Nxe8 20. fxg6 hxg6 21. Nxd5 cxd5 22. Qxd5 Be6 23. Qg5 Bxa2 24. Bb5 Bc4 25. Bxc4 Qxc4 26. Re1 Qxd4 0-1

[Event "ROM-ch U12"]
[Site "Calimanesti"]
[Date "2014.04.11"]
[Round "7"]
[White "Paun, Eduard Andrei"]
[Black "Chirita, Denis Florin"]
[Result "1-0"]
[WhiteElo "1126"]
[BlackElo "1001"]
[PlyCount "77"]
[EventDate "2014.04.06"]
[EventType "swiss"]
[EventRounds "9"]
[EventCountry "ROU"]
[SourceTitle "CBM 160 Extra"]
[Source "ChessBase"]
[SourceDate "2014.07.01"]
[SourceVersion "1"]
[SourceVersionDate "2014.07.01"]
[SourceQuality "1"]

1. e4 g6 2. Nf3 Bg7 3. Bc4 h6 4. 0-0 e6 5. d4 d5 6. exd5 exd5 7. Bb3 Bg4 8. h3 Bh5 9. Bf4 Nc6 10. Nc3 Nge7 11. g4 Qd7 12. gxh5 Qxh3 13. Bg3 Nf5 14. Qe2+ Nce7 15. Nxd5 0-0 16. hxg6 Nxg6 17. Nxc7 Bxd4 18. Nxd4 Nxd4 19. Qe4 Rad8 20. Rad1 Nh4 21. Rxd4 Rxd4 22. Qh1 Nf3+ 23. Qxf3 h5 24. Qg2 Qxg2+ 25. Kxg2 h4 26. Bh2 Rg4+ 27. Kh3 Re4 28. Rg1+ Kh7 29. Rg4 Rxg4 30. Kxg4 Rg8+ 31. Kxh4 Rg2 32. Bg3 Rg1 33. Bxf7 Rh1+ 34. Kg4 Kg7 35. Bd5 Rd1 36. Bxb7 Rd2 37. Nb5 Rxc2 38. Nxa7 Rxb2 39. Be5+ 1-0

[Event "ROM-ch U12"]
[Site "Calimanesti"]
[Date "2014.04.10"]
[Round "6"]
[White "Chirita, Denis Florin"]
[Black "Radu, Ionut Alexandru"]
[Result "1-0"]
[WhiteElo "1001"]
[BlackElo "1001"]
[PlyCount "29"]
[EventDate "2014.04.06"]
[EventType "swiss"]
[EventRounds "9"]
[EventCountry "ROU"]
[SourceTitle "CBM 160 Extra"]
[Source "ChessBase"]
[SourceDate "2014.07.01"]
[SourceVersion "1"]
[SourceVersionDate "2014.07.01"]
[SourceQuality "1"]

1. d4 d5 2. c4 e6 3. Nc3 Bb4 4. a3 Bxc3+ 5. bxc3 dxc4 6. Nf3 Bd7 7. Qd2 Nf6 8. Qc2 0-0 9. Ng5 Nc6 10. e3 b5 11. Be2 Qe7 12. Bg4 Rfe8 13. 0-0 Nxg4 14. Qxh7+ Kf8 15. Qh8# 1-0

[Event "ROM-ch U12"]
[Site "Calimanesti"]
[Date "2014.04.09"]
[Round "4"]
[White "Chirita, Denis Florin"]
[Black "Neculae, Andrei Fabian"]
[Result "1/2-1/2"]
[WhiteElo "1001"]
[BlackElo "1001"]
[PlyCount "45"]
[EventDate "2014.04.06"]
[EventType "swiss"]
[EventRounds "9"]
[EventCountry "ROU"]
[SourceTitle "CBM 160 Extra"]
[Source "ChessBase"]
[SourceDate "2014.07.01"]
[SourceVersion "1"]
[SourceVersionDate "2014.07.01"]
[SourceQuality "1"]

1. d4 d5 2. c4 Nf6 3. Nc3 Bf5 4. Bg5 e6 5. Bxf6 Qxf6 6. Nb5 Bb4+ 7. Nc3 0-0 8. a3 Bxc3+ 9. bxc3 dxc4 10. e3 b5 11. Be2 a6 12. Bf3 Ra7 13. Ne2 Rd8 14. 0-0 c5 15. a4 Rad7 16. axb5 axb5 17. Ra5 b4 18. cxb4 cxb4 19. Rc5 c3 20. Qb3 Na6 21. Ra5 Ra7 22. e4 Bg6 23. Qc4 1/2-1/2